000 00510nam a2200181Ia 4500
003 IN-BaIIA
008 211028s9999 xx 000 0 eng d
020 _a978-81-7480-167-8
040 _cIIA Library
080 _a573.5
_bDAT
100 _aDatta, Sukanya
_933404
245 0 _aLife on earth
_cSukanya Datta
260 _aNoida
_bVigyan Prasar
_c2008
300 _axi, 90p.
650 _aEvolution
_914171
650 _aZoology miscellanea
_933405
942 _cBK
999 _c17645
_d17645